| 000 | 00498cam a22001577a 4500 | ||
|---|---|---|---|
| 008 | 180718b2005 xxu||||| |||| 00| 0 eng d | ||
| 020 | _a019565689X | ||
| 082 | _aT39x54 K642 | ||
| 100 | _aKishwar, Madhu Purnima | ||
| 245 |
_aDeepening democracy: challenges of governance and globalization in India _cby Madhu Purnima Kishwar |
||
| 260 |
_aNew Delhi _bOxford Univ. Press _c2005 |
||
| 300 | _a334p. | ||
| 650 | _aGovernance - India | ||
| 650 | _aEconomic reforms - India | ||
| 650 | _aGlobalization | ||
| 999 |
_c403513 _d403513 |
||